000 00660nam a22002297a 4500
005 20180426105242.0
008 180426b xxu||||| |||| 00| 0 eng d
020 _a978813160861
_c₹ 1295.00
040 _aLoreto College
041 _aEnglish
082 _a302.23
_bHAS
100 _aHassan, Robert
245 _aThe new media theory reader
_cRobert Hassan and Julian Thomas
260 _aJaipur
_bRawat Publications
_c2017
300 _a326 p.
_b24 cm.
504 _aIncludes bibliographical references and index
651 _aJournalism
_vMedia reader
651 _aMedia Theory
700 _4Auth
_aThomas, Julian
850 _aLCLIB
942 _cBK
999 _c41519
_d91998